| 000 | 01054nam0a2200313 4500 | ||
|---|---|---|---|
| 001 | v19\rc\1970547 | ||
| 005 | 20251118181114.8 | ||
| 035 | _a(NLR Aleph) 005055403 | ||
| 090 |
_a6939219 _c6939219 |
||
| 100 | _a20080428d1914 u y0rusy50 ca | ||
| 101 | 1 |
_arus _ceng |
|
| 102 | _aRU | ||
| 105 | _ay z ||||| | ||
| 200 | 1 |
_aЧудесная табакерка _eсказка Джекобса _e[перевод] |
|
| 210 |
_aОдесса _cШ. Л. Бурштейн и К° _d[1914] |
||
| 215 |
_a32 с. _d9 |
||
| 225 | 1 |
_aДетская библиотека _v41 |
|
| 309 | _aБез тит. л. | ||
| 316 |
_aЭкз. РНБ утрачен _5NLR |
||
| 532 | 1 | 3 | _aЧудесная табакерка |
| 700 | 1 |
_7ca _8rus _aДжейкобс _bУ. У. _f1863-1943 _gУильям Уаймарк _9258354 _3RU\NLR\AUTH\770258410 |
|
| 801 | 0 |
_aRU _bNLR _gpsbo |
|
| 801 | 0 |
_aRU _bRuMoRGB _2psbo |
|
| 801 | 1 |
_aRU _bProSoft-M _2rusmarc |
|
| 852 |
_aNLR _j37.38.11.10(41) |
||
| 899 | _aБАН | ||
| 942 | _cBOOK | ||
| 980 | _aNB | ||